00907nam a2200205 i 4500001000700000003000900007005001700016008004100033040002000074100004200094245019700136250003400333260008300367300002700450650002300477650002200500852003600522999001900558952012400577154576ES-MaACL20230906205801.0960527s1882 sp |||| | spa d aCYL bspa cCYL1 aGonzález Garbín, Antonio.912741110aCompendio de Retórica y Poética ó de Preceptiva Literaria b: escrito para uso de los alumnos que cursan esta asignatura en la Segunda Enseñanza / cpor D. Antonio González Garbín. a4ª ed., notablemente reform. aBarcelona : b[s.n.], c1882 (fImprenta de la Viuda é Hijos de J. Subirana) a230, [1] p. ; c24 cm. 4aRetórica.916882 4aPoética.916254 aES-MaACLjB-1256 z-- Enc. hol. c154576d154576 001040708LIBXIXaATENEOMbATENEOMcSPBd2008-01-17eSSCl0oB-1256p1161666r2023-02-23 00:00:00w2023-02-23yMONANT